Sudden Death - Nachbarländer Burkina Fasos - Statistiken

Allgemein
  • Dieses Quiz wurde 16 mal gespielt
  • Das Durchschnittsergebnis liegt bei 4 aus 6
Answers on the Grid
Answers color-coded by a green-red scale on the quiz's grid according to % correct below.
Mali🇲🇱
Benin🇧🇯
Togo🇹🇬
Elfenbeinküste🇨🇮
Ghana🇬🇭
Niger🇳🇪
Liberia🇱🇷
Guinea🇬🇳
Guinea-Bissau🇬🇼
Sierra Leone🇸🇱
Gambia🇬🇲
Senegal🇸🇳
Mauretanien🇲🇷
Nigeria🇳🇬
Kamerun🇨🇲
Tschad🇹🇩
Z.A.R.🇨🇫
D.R. Kongo🇨🇩
Marokko🇲🇦
Gabun🇬🇦
 
Antwortstatistiken
Antwort % Korrekt
Mali🇲🇱
91%
Elfenbeinküste🇨🇮
82%
Ghana🇬🇭
73%
Niger🇳🇪
64%
Togo🇹🇬
64%
Benin🇧🇯
45%
Keine übereinstimmenden Quizze gefunden
Verteilung der Resultate
Anzahl Personen mit jedem Resultat
Perzentil nach korrekt beantworteten Fragen
Ihre Resultats-Entwicklung
Sie haben dieses Quiz noch nicht gespielt